عرض عادي
عرض مارك
- بولوك، نيل ب.
مدخل إسم شخص
001 - رقم الضبط
- حقل الضبط: 112796
003 - معرف رقم الضبط
- حقل الضبط: OSt
005 - تاريخ ووقت أخر عملية
- حقل الضبط: 20221204153416.0
008 - عناصر بيانات ثابتة الطول
- حقل تحكم ثابت الطول: 221204|| aca||aabn | a|a d
040 ## - مصدر الفهرسة
- هيئة الفهرسة الأصلية: OSt
- وكالة الكتابة: OSt
100 ## - مدخل -- أسم شخص
- إسم شخص: بولوك، نيل ب.
670 ## - بيانات المصدر موجوده
- الاستشهاد بالمصدر: Work cat.: (OSt): كورنفورد، جيمس ر. 112793, إنزال الجامعة على خط الإنترنت :
